|
|
|
|
| LEADER |
00000nam0a2200000 4500 |
| 001 |
309977 |
| 005 |
20231102002237.0 |
| 035 |
|
|
|a (RuTPU)RU\TPU\book\335318
|
| 090 |
|
|
|a 309977
|
| 100 |
|
|
|a 20151119d2981 k y0rusy50 ca
|
| 101 |
0 |
|
|a rus
|
| 102 |
|
|
|a RU
|
| 105 |
|
|
|a a z 001zy
|
| 200 |
1 |
|
|a Резервы повышения эффективности машиностроительного производства
|e межвузовский научный сборник
|f Саратовский политехнический институт (СПИ) ; под ред. И. П. Цимбалова
|
| 210 |
|
|
|a Саратов
|c Изд-во Саратовского политехнического ин-та
|d 1981
|
| 215 |
|
|
|a 132 с.
|c ил.
|
| 320 |
|
|
|a Библиография в ссылках.
|
| 606 |
1 |
|
|a Машиностроение
|x Экономическая эффективность
|x Технико-экономические показатели
|2 stltpush
|3 (RuTPU)RU\TPU\subj\41436
|9 61227
|
| 610 |
1 |
|
|a резервы
|
| 610 |
1 |
|
|a хозяйственная деятельность
|
| 610 |
1 |
|
|a планирование
|
| 610 |
1 |
|
|a управление
|
| 610 |
1 |
|
|a организационные структуры
|
| 610 |
1 |
|
|a рабочее время
|
| 610 |
1 |
|
|a рациональное использование
|
| 610 |
1 |
|
|a интенсификация
|
| 610 |
1 |
|
|a математические методы
|
| 610 |
1 |
|
|a ЭВМ
|
| 610 |
1 |
|
|a применение
|
| 675 |
|
|
|a 621.002:658.5.011.46
|v 4
|
| 702 |
|
1 |
|a Цимбалов
|b И. П.
|4 340
|
| 712 |
0 |
2 |
|a Саратовский политехнический институт (СПИ)
|c (1960-1992)
|2 stltpush
|3 (RuTPU)RU\TPU\col\283
|
| 801 |
|
1 |
|a RU
|b 63413507
|c 20151119
|
| 801 |
|
2 |
|a RU
|b 63413507
|c 20191121
|g RCR
|
| 942 |
|
|
|c BK
|